Normal view
MARC view
- الترجمة -- القانون -- الأدلة -- الترجمة القانونية
Entry Topical Term
001 - CONTROL NUMBER
- control field: 12183
003 - CONTROL NUMBER IDENTIFIER
- control field: JO-AjAnu
005 - DATE AND TIME OF LATEST TRANSACTION
- control field: 20230606072244.0
008 - FIXED-LENGTH DATA ELEMENTS
- fixed length control field: 230606|| aca||aabn | a|a d
040 ## - CATALOGING SOURCE
- Original cataloging agency: JO-AjAnu
- Transcribing agency: JO-AjAnu
150 ## - HEADING--TOPICAL TERM
- Topical term or geographic name entry element: الترجمة -- القانون -- الأدلة -- الترجمة القانونية
670 ## - SOURCE DATA FOUND
- Source citation: Work cat.: (JO-AjAnu)6276: الحيط ، عادل عزام سقف , author 12182, الدليل المعتمد في امتحانات القانونية : THE RELIABLE GUIDE TO LEGAL TRANSLATION